000 00477nam a2200205Ia 4500
003 OSt
005 20230403094907.0
008 210423s2006 xx 000 0 und d
020 _a9780324306026
040 _cAL
041 _aeng
082 _a658 PENM
_223
100 _aPENG (Mike W).
_982140
245 _aGlobal strategy.
260 _aAustralia
_bThomson
_c2006
300 _axxv,582
_bPB
365 _b895
_cINR
906 _aGlobal ; strategy.
942 _2ddc
_cBK
999 _c158528
_d158528